Statistiques concernant Personnages des Looney Tunes par images

Cliquez ici pour prendre le quiz!

Statistiques générales

  • Ce quiz a été pris 7 738 fois
  • Le résultat moyen est 8 sur 16

Statistiques - réponses

Réponse% Correct
Titi
95%
Sylvestre
94%
Bugs Bunny
92%
Bip Bip
86%
Taz
83%
Daffy Duck
81%
Vil Coyote
69%
Speedy Gonzales
67%
Mémé
37%
Pepé le Putois
30%
Porky Pig
27%
Sam le Pirate
24%
Elmer Fudd
22%
Marvin le Martien
14%
Charlie le Coq
9%
Hazel la Sorcière
6%

Distribution des résultats

Percentile par nombre de réponses

% des personnes avec chaque résultat

Votre développement - résultats

Vous n’avez pas pris ce quiz